01001nam a2200253Ia 4500008004100000020002000041040001400061082002000075100006000095245007100155260003100226300001100257365002600268366000800294505002900302530003000331620006400361630007100425650001400496730007100510942000900581999001900590952013800609100315s9999 xx 000 0 und d a9781557383891  cENGLISH  b8724 a332.1  a"McCoy, John B., Frieder, Larry A., Hedges, Robert B. " aBottomline Banking : meeting the challenges for survival & success aLondon bIRWIN  c1994  a370   eRupees d1 b0.00  f0  gRamakant Amar Navghare  bDonated By RBI Library   a"Bottomline Banking, Banking regulation, Bankers casino. " aBottomline Banking : meeting the challenges for survival & success aBANKING  aBottomline Banking : meeting the challenges for survival & success cBOOK c483459d483456 00104070aVPMBRIMSbVPMBRIMSd2009-05-15g0.00l0o332.1 /MCC/FRI  8724 pVPMBRIMS-8724 r2010-03-19 00:00:00w2010-03-19yBOOK